000 01047nas a2200349 4500
001 BR0104934
003 BR-BrBNA
005 20231205102507.0
007 ta
008 230509b bl.|||p| |||| 00| 00por d
040 _aBR-BrBNA
_bpor
_cBiblioteca Nacional de Agricultura
041 _a(En)
072 _aL73
100 1 _aMadruga, C.R.
100 1 _aMarques, A.P.C.
100 1 _aAraujo, F.R.
100 1 _aMiguita, M.
100 1 _aCarvalho, C.M.E.
100 1 _aAraujo, F.S.
100 1 _aUmaki, A.C.S.
100 1 _aCrocci, A.J.
100 1 _aQueiroz, R.A.
245 1 _aEvaluation of an ELISA for detection of antibodies to Babesia bigemina in cattle and it's application in an epidemiological survey in Brazil
650 _aBovino
650 _aProtozoario
650 _aBabesiose
650 _aELISA
650 _aPantanal
773 0 _tPesquisa Veterinaria Brasileira (Brazil)
_xISSN 0100-736X
_g(Abr-Jun 2001), v. 21(2) p. 72-76
_wBR0104934
909 _a202311
_bLúcia
_c55
_dLúcia Elande
942 _2AGRIS
_n0
_cANA
999 _c167837
_d167837